<?xml version="1.0" encoding="UTF-8"?>
<collection xmlns="http://www.loc.gov/MARC21/slim">
 <record>
  <leader>00976nta a2200229 i 4500</leader>
  <controlfield tag="001">dokt1324</controlfield>
  <controlfield tag="005">20200103134842.0</controlfield>
  <controlfield tag="008">111221s2008    hu      om    0||   eng d</controlfield>
  <datafield tag="024" ind1="7" ind2=" ">
   <subfield code="a">1918265</subfield>
   <subfield code="2">mtmt</subfield>
  </datafield>
  <datafield tag="040" ind1=" " ind2=" ">
   <subfield code="a">SZTE Doktori Repozitórium</subfield>
   <subfield code="b">hun</subfield>
  </datafield>
  <datafield tag="041" ind1=" " ind2=" ">
   <subfield code="a">eng</subfield>
  </datafield>
  <datafield tag="100" ind1="1" ind2=" ">
   <subfield code="a">Ioja Enikő</subfield>
  </datafield>
  <datafield tag="245" ind1="1" ind2="0">
   <subfield code="a">Structure-activity studies of novel, conformationally restricted delta opioid-receptor selective tetrapeptides</subfield>
   <subfield code="h">[elektronikus dokumentum] /</subfield>
   <subfield code="c"> Ioja Enikő</subfield>
  </datafield>
  <datafield tag="260" ind1=" " ind2=" ">
   <subfield code="c">2008-06-26</subfield>
  </datafield>
  <datafield tag="502" ind1=" " ind2=" ">
   <subfield code="a">Disszertacio</subfield>
  </datafield>
  <datafield tag="650" ind1=" " ind2="4">
   <subfield code="a">elméleti orvostudományok</subfield>
  </datafield>
  <datafield tag="650" ind1=" " ind2="4">
   <subfield code="a">Általános orvostudomány</subfield>
  </datafield>
  <datafield tag="700" ind1="0" ind2="1">
   <subfield code="a">Borsodi Anna</subfield>
   <subfield code="e">ths</subfield>
  </datafield>
  <datafield tag="700" ind1="0" ind2="1">
   <subfield code="a">Benyhe Sándor</subfield>
   <subfield code="e">ths</subfield>
  </datafield>
  <datafield tag="856" ind1="4" ind2="0">
   <subfield code="u">https://doktori.bibl.u-szeged.hu/id/eprint/1324/1/IOJA_E_dolgozat.pdf</subfield>
   <subfield code="z">Dokumentum-elérés </subfield>
  </datafield>
  <datafield tag="856" ind1="4" ind2="0">
   <subfield code="u">https://doktori.bibl.u-szeged.hu/id/eprint/1324/2/IOJA_E_tezis_angol.pdf</subfield>
   <subfield code="z">Dokumentum-elérés </subfield>
  </datafield>
  <datafield tag="856" ind1="4" ind2="0">
   <subfield code="u">https://doktori.bibl.u-szeged.hu/id/eprint/1324/7/2007_ioja_eniko_publikaciok.pdf</subfield>
   <subfield code="z">Dokumentum-elérés </subfield>
  </datafield>
 </record>
</collection>
